Ahány ikon, annyi ima Bartos József kárpátaljai magyar festőművész képei a somorjai Baváriában

Bibliographic Details
Main Authors: Bartos, József (Author), Tallósi, Béla, 1958- (Author)
Format: Article
Language:Hungarian
PhysicalDescription:Fotogr. 1
Subjects:

MARC

LEADER 00000nab a2200000 a 4500
001 vtls000631109
003 SK-MaSNL
005 20260319074556.0
008 160401c1997 xo 0 hun
015 |a SNBRB19rr/mm-uuuuu 
035 |a CL0631248 
040 |a SNKBUCL  |b slo  |c SNKBUCL  |e AACR2 
041 0 |a hun 
044 |a xo  |c SK 
080 |a 75.071.1  |2 1981 
100 1 |a Bartos, József  |4 aut  |9 920779 
245 1 0 |a Ahány ikon, annyi ima  |b Bartos József kárpátaljai magyar festőművész képei a somorjai Baváriában  |c József Bartos, Béla Tallósi 
300 |b Fotogr. 1 
600 1 7 |a Bartos, József  |d 1957-  |x rozhovory  |2 snkbucl  |9 920780 
650 0 7 |a Bartos, József  |2 snkbucl  |9 920781 
655 7 |a články z novín a časopisov  |2 snkbucl  |9 267496 
700 1 |a Tallósi, Béla,  |d 1958-  |4 aut 
773 0 |t Új szó  |g Roč. 50, č. 150 (1. 7. 1997), s. 6 
850 |a Slovenská národná knižnica v Martine  |a DSG001 
852 |a SNK  |b KIS3GCP 
958 |a HU 
958 |a NX 
958 |a UA 
958 |a RK 
958 |a RBX 
999 |c 1459435  |d 1461365